000 01426cam a2200421 a 4500
001 101409
005 20230410142348.0
008 810812s1980 sp a b 000 0 spa
010 _a 81129377
035 _a(OCoLC)ocm07737015
040 _aDLC
_cDLC
_dMUQ
_dOCLCG
_dAU@
_dESSAL
_dOCLCQ
015 _aSp***
019 _a7513003
020 _a8475170080 (set)
020 _a9788475170084 (set)
029 1 _aNLGGC
_b811405001
029 1 _aAU@
_b000002439163
029 1 _aAU@
_b000002071887
035 _a(OCoLC)7737015
_z(OCoLC)7513003
043 _ae-sp---
050 1 4 _aBX1735
_bL792h 1980
082 0 4 _a272/.2/0946
_219
049 _aGRAL
100 1 _aLlorente, Juan Antonio,
_d1756-1823.
240 1 0 _aHistoria crítica de la Inquisición de España
245 1 0 _aHistoria crítica de la Inquisición en España /
_cJuan Antonio Llorente.
250 _a1a ed.
260 _aMadrid :
_bHiperión,
_c1980.
300 _a4 v. :
_bill. ;
_c20 cm.
490 0 _aLibros Hiperión ;
_v42-45
500 _a"Hemos utilizado el texto de la primera edición española ... publicada en Madrid en 1822 en la Imprenta del Censor, en diez volumenes, que fue la única castellana revisada por su autor"--Vol. 4, p. [331].
504 _aIncludes bibliographical references.
650 0 _aInquisition
_zSpain.
650 2 6 _aInquisition
_zEspagne.
942 _2lcc
_cbk
946 _aMAT
994 _aC0
_bDRFGD
999 _c94302
_d94302